000 01035nam a2200301 4500
001 0000022239
003 CO-CtgCURN
005 20250510144453.0
007 ta
008 160627s2003 000 0 eng d
020 _a9583503797
040 _aCO-CtgCURN
_bspa
_ccoctgcurn
082 0 _a342.068
_bO77cu
100 1 _aOrtega Torres, Jorge.
245 1 0 _aCódigo disciplinario unico :
_bLey 734 de 2002 /
_cJorge Ortega Torres.
260 _aBogotá :
_bTemis,
_c2003.
300 _a253 p.
336 _2rdacontent
337 _2rdamedia
_asin mediacion
_bn
338 _2rdacarrier
_avolumen
_bnc
490 1 _aCódigos de bolsillo
500 _aIncluye indice.
505 8 _aPrincipios rectores de la ley disciplinaria.--La ley disciplinaria.--La descripcion de las faltas disciplinarias en particular.--Procedimiento disciplinario
650 1 4 _aAdministración pública.
908 _a160627
942 _cBK
_h342.068
_iO77cu
_2ddc
_n0
999 _c19122
_d19122